000 00472cas a22001815a 4500
001 L139853
008 070815c1960 fr qr p 0 a0eng u
035 _a(Sirsi) u139853
041 0 _aeng
110 2 _aInternational Real Estate Federation
245 0 0 _aFIABCI Bulletin
260 _aReims
_bFIABCI
_c1960-
362 0 _aNew series (3) April/June 1960-(20) October 1965
554 _aFour per year
651 4 _aInternational
690 _aPROPERTY
942 _n0
999 _c119139
_d119139